000 02596cam a2200421 a 4500
001 6876235
003 ARRUPE
005 20141113133523.0
008 080117r20082007mnu b 000 0 eng
010 _a 2008002225
020 _a9780814618653
020 _a0814618650
020 _a9781920721473
020 _a1920721479
024 _a99821361417
035 _a(OCoLC)ocn191024083
035 _a(OCoLC)191024083
035 _a(NNC)6876235
040 _aDLC
_cDLC
_dYDXCP
_dBTCTA
_dBAKER
_dC#P
_dBWK
_dOrLoB-B
050 0 0 _aBX1912.9
_b.R59 2008
082 0 0 _a261.8/3272088282
_222
100 1 _aRobinson, Geoffrey,
_d1937-
_912618
245 1 0 _aConfronting power and sex in the Catholic Church :
_breclaiming the spirit of Jesus /
_cGeoffrey Robinson ; foreword by Donald Cozzens.
260 _aCollegeville, Minn. :
_bLiturgical Press,
_cc2008.
300 _a307 p. ;
_c23 cm.
500 _a"First published in Australia in 2007 by John Garratt Publishing"--T.p. verso.
504 _aIncludes bibliographical references.
505 0 0 _g1.
_tHealthy people in a healthy relationship with a healthy God --
_g2.
_tThe two books of god --
_g3.
_tSpiritual discernment --
_g4.
_tAn eternal plan, a sharing of life and the reign of God --
_g5.
_t'Like his brothers and sisters in every respect' --
_g6.
_tIn service of God's people --
_g7.
_tThe authority of 'the Church' --
_g8.
_tFree and responsible --
_g9.
_tA turbulence in a whirlpool --
_g10.
_tThe return to an original sexual ethic --
_g11.
_tA dark grace, a severe mercy --
_g12.
_tThe prison of the past --
_g13.
_tA government in which all participate --
_g14.
_tA change of heart and mind.
520 1 _a"Drawing on his own experience in responding to abuse, Bishop Geoffrey Robinson in this work methodically offers a critique of the church's use and misuse of power, from the pope proclaiming infallibly down to the preacher claiming a divine authority for every word spoken from the pulpit." "Going back to the Bible and, above all, to the teaching of Jesus, he presents an approach to sexual morality that is profound, compassionate, and people-centered. He stresses the priority of the hierarchy of holiness over the hierarchy of power."--BOOK JACKET.
610 2 0 _aCatholic Church
_xClergy
_xSexual behavior.
_94109
610 2 0 _aCatholic Church
_xDoctrines.
_912619
650 0 _aChild sexual abuse by clergy.
_912620
650 0 _aSex
_xReligious aspects
_xCatholic Church.
_98686
650 0 _aChurch renewal
_xCatholic Church.
_912621
900 _bTOC
942 _2lcc
_cMONOGRAPH
948 1 _a20080918
_bc
_csl13
_dMPS
999 _c121241
_d121241